Invalidación sobreviniente: el caso de la resolución de calificación ambiental

-д хадгалсан:
Номзүйн дэлгэрэнгүй
Үндсэн зохиолч: Sepúlveda Solar, Doris (Зохиогч)
Формат: Ном
Хэл сонгох:испани
Хэвлэсэн: Santiago Legal Publishing 2012
Хэвлэл:1a. ed
Цуврал:Colección Reforma y Medioambiente
Нөхцлүүд:
Шошгууд: Шошго нэмэх
Шошго байхгүй, Энэхүү баримтыг шошголох эхний хүн болох!

MARC

LEADER 00000cam a2200000 a 4500
001 UCF8828
003 CL-VaPUC
008 131004e20120800cl |||||||||||||||||spa|d
020 |a 9789563462470 
082 0 4 |a 344.83046  |b SEP  |2 21 
100 0 |a Sepúlveda Solar, Doris  |e author  |9 570945 
245 1 0 |a Invalidación sobreviniente: el caso de la resolución de calificación ambiental 
250 |a 1a. ed 
300 |a 135 p 
942 |c BK 
945 |d 20131004 22:02:00  |a dcastane 
260 |a Santiago  |b Legal Publishing  |c 2012 
650 0 |a Derecho ambiental  |z Chile  |9 499116 
650 0 |a Política gubernamental  |9 262286 
650 0 |a Protección del medio ambiente  |9 257626 
650 0 |a Jurisprudencia  |9 255952 
583 |a last modification  |c 20131004 22:02:00  |k Rodrigo Vera 
490 0 |a Colección Reforma y Medioambiente 
999 |c 353359  |d 353357 
952 |0 0  |1 0  |3 erb  |4 0  |6 344_830460000000000_SEP_2012  |7 0  |8 A  |9 458505  |a BIBDER  |b BIBDER  |d 2019-11-23  |i 5013283  |o 344.83046 SEP 2012  |p 5013283  |r 2023-01-25  |w 2019-11-23  |y BK  |z Catalogado en:20131004  |k DER